|
|
|
|
| LEADER |
00000nam a2200000Ia 4500 |
| 008 |
180226b1993 cl ||||| |||| 00| | spa d |
| 999 |
|
|
|c 1544
|d 1544
|
| 090 |
|
|
|a 06.02.01
|b 2121
|
| 100 |
1 |
|
|a Osorio, Jorge
|9 3395
|e editor/a
|
| 245 |
1 |
3 |
|a El corazón del arco iris: lecturas sobre nuevos paradigmas en educación y desarrollo /
|c Jorge Osorio, Luis Weinstein (editores)
|
| 260 |
|
|
|a Santiago, Chile,
|b Consejo de Educación de Adultos de América Latina (CEAAL),
|c 1993
|
| 300 |
|
|
|a 298 páginas
|
| 650 |
1 |
4 |
|a EDUCACIÓN
|9 1
|
| 650 |
1 |
4 |
|a ASPECTOS SOCIALES
|9 576
|
| 651 |
|
4 |
|a AMÉRICA LATINA
|9 273
|
| 700 |
|
|
|a Weinstein, Luis
|e editor/a
|9 3396
|
| 942 |
|
|
|i 003688
|h 06.02.01 2121
|2 z
|c 01
|